| Поле | Название | Значение |
| |
Тип записи |
a |
| |
Библиографический уровень |
m |
| 001 |
Контрольный номер |
RU\NLR\bibl\2053972 |
| 005 |
Дата корректировки |
20260213144421.1 |
| 010 |
Индекс ISBN |
__ |
| a |
ISBN |
978-5-222-21209-7 (в обл.) |
| d |
Цена |
113-41 |
| 100 |
Данные общей обработки |
__ |
| a |
Данные общей обработки |
19150701d2013||||||| 0rusy0189 ca |
| 101 |
Язык документа |
0_ |
| a |
Язык текста |
rus |
| 102 |
Страна публикации |
__ |
| a |
Страна публикации |
RU| |
| 105 |
Кодированные данные (монография) |
__ |
| a |
Кодированные данные (монография) |
y||||||||||zy |
| 200 |
Заглавие и сведения об ответственности |
1_ |
| a |
Заглавие |
Жилищно-коммунальные услуги |
| e |
Сведения, относящиеся к заглавию |
за что мы платим? : [16+] |
| f |
Первые сведения об ответственности |
Н. А. Захарова, О. В. Рожканова, Б. К. Пузакова |
| b |
Общее обозначение материала |
Текст |
| 210 |
Выходные данные |
1_ |
| a |
Место издания |
Ростов-на-Дону |
| c |
Издательство |
Феникс |
| d |
Дата издания |
2013 |
| 215 |
Физическое описание |
__ |
| a |
Объем |
204 с. |
| d |
Формат |
20 см |
| 225 |
Серия |
2_ |
| a |
Серия |
Консультирует юрист |
| 300 |
Общие примечания |
__ |
| a |
Общие примечания |
На обл. авт. не указаны |
| 300 |
Общие примечания |
__ |
| a |
Общие примечания |
2500 экз. |
| 330 |
Аннотация |
__ |
| a |
Аннотация |
Как правильно разграничить жилищные и коммунальные услуги и определяет нормативы их потребления? В каких случаях коммунальные услуги могут быть приостановлены или ограничены? Кто отвечает за качество коммунальных услуг, и кому жаловаться в случае предоставления этих услуг с нарушением их качества или установленной продолжительности перерывов в их предоставлении? Как определяется плата за жилое помещение? На эти и иные часто возникающие при оказании жилищно-коммунальных услуг вопросы призвана ответить данная книга. |
| 333 |
Примечание о целевом назначении |
__ |
| a |
Примечание о целевом назначении |
16+. Для детей старше 16 лет |
| 606 |
Тематические рубрики |
__ |
| a |
Основная рубрика |
Экономика |
| 606 |
Тематические рубрики |
__ |
| a |
Основная рубрика |
Экономика жилищно-коммунального хозяйства |
| 610 |
Ключевые слова |
0_ |
| a |
Ключевые слова |
жилищно-коммунальное хозяйство |
| a |
Ключевые слова |
жилищно-коммунальные услуги |
| a |
Ключевые слова |
ЖКУ |
| a |
Ключевые слова |
ЖКХ |
| a |
Ключевые слова |
качество услуг |
| a |
Ключевые слова |
коммунальные услуги |
| a |
Ключевые слова |
льготы |
| a |
Ключевые слова |
потребители услуг |
| a |
Ключевые слова |
расчет тарифов |
| a |
Ключевые слова |
субсидии |
| a |
Ключевые слова |
тарифы |
| a |
Ключевые слова |
управляющие организации |
| a |
Ключевые слова |
юридические консультации |
| 686 |
Индексы других классификаций |
__ |
| 2 |
Код системы |
rubbks |
| a |
Классификационный индекс |
65.441я2; ст65я2 |
| 700 |
Автор |
_1 |
| a |
Фамилия |
Захарова |
| b |
Имя |
Н. А. |
| c |
Титул (звания) |
юрист |
| g |
Полное личное имя |
Наталья Александровна |
| 4 |
Код отношения |
070 |
| 701 |
Альтернативная интеллектуальная ответственность |
_1 |
| a |
Фамилия |
Рожканова |
| b |
Имя |
О. В. |
| g |
Полное личное имя |
Ольга Валерьевна |
| 4 |
Код отношения |
070 |
| 701 |
Альтернативная интеллектуальная ответственность |
_1 |
| a |
Фамилия |
Пузакова |
| b |
Имя |
Б. К. |
| g |
Полное личное имя |
Белла Константиновна |
| 4 |
Код отношения |
070 |
| 801 |
Источник записи |
_0 |
| a |
Страна |
RU |
| b |
Организация |
Муниципальное бюджетное учреждение культуры "Централизованная библиотечная система" г. Сургут (Центральная городская библиотека им. А. С. Пушкина) |
| c |
Дата составления |
20150701 |
| g |
Правила каталогизации |
КиК/Коробейникова |
| 801 |
Источник записи |
_1 |
| a |
Страна |
RU |
| b |
Организация |
Муниципальное бюджетное учреждение культуры "Централизованная библиотечная система" г. Сургут (Центральная городская библиотека им. А. С. Пушкина) |
| c |
Дата составления |
20150701 |
| g |
Правила каталогизации |
КиК/Коробейникова |
| 852 |
Данные о местонахождении |
__ |
| j |
Шифр хранения |
65.441я2 |
| i |
Авторский знак |
З-38 |
| 901 |
Тип документа |
__ |
| t |
Тип документа |
m |
| 903 |
Характеристики (МАРС) |
__ |
| a |
Дата передачи |
20150701 |
| 969 |
Тип издания |
__ |
| a |
Тип издания |
справочник |
| 990 |
Данные о заказе (DOS) |
__ |
| j |
Количество экземпляров (DOS) |
8 |
| t |
N записи в КСУ для И/У (DOS) |
201507 |